Logo BPK

Biblioteka

Politechniki Koszalińskiej

Fizika prostrianstvavremeni / (Rekord nr 14030)

Szczegóły MARC
000 -ETYKIETA REKORDU
podpole kontrolne o stałej długości 00379nam a2200157 i 4500
001 - NUMER KONTROLNY REKORDU
pole kontrolne bg
040 ## - ŹRÓDŁO KATALOGOWANIA
Instytucja, która utworzyła rekord BPK
041 ## - KOD JĘZYKA
Kod języka tekstu pol
008 - POLE O STAŁEJ DŁUGOŚCI - DANE KONTROLNE
podpole kontrolne o stałej długości s pl f |000 0 pol
100 1# - NAZWA OSOBOWA
Nazwa osobowa TEJLOR, E. F.
245 #0 - TYTUŁ/ODPOWIEDZIALNOŚĆ
Tytuł Fizika prostrianstvavremeni /
Pozostałe elementy strefy tytułu i oznaczenia odpowiedzialności E.F. Tejlor, Dż.A. Miller.
250 ## - STREFA WYDANIA
Oznaczenie wydania Izd.2 dopol.
260 ## - STREFA ADRESU WYDAWNICZEGO
Miejsce wydania Moskva,
Data publikacji, dystrybucji/powstania dokumentu 1971.
700 1# - HASŁO DODATKOWE - NAZWA OSOBOWA
Nazwa osobowa MILLER, Dż. A.
856 ## - LOKALIZACJA I DOSTĘP DO ELEKTRONICZNYCH DOKUMENTÓW ZDALNYCH
Link (URL) http://koha.tu.koszalin.pl/cgi-bin/koha/opac-detail.pl?biblionumber=14030
Tekst linku Katalog online BPK
942 ## - DODATKOWE ELEMENTY (KOHA)
Typ dokumentu Książka
Egzemplarze
Wycofany Status egzemplarza Uszkodzony Dostępność Lokalizacja stała Lokalizacja bieżąca Miejsce przechowywania Sygnatura Kod kreskowy Typ dokumentu
      Dostępny Biblioteka Politechniki Koszalińskiej Biblioteka Politechniki Koszalińskiej Wypożyczalnia BG 12077 01758108 Książka
© 2023 Biblioteka Politechniki Koszalińskiej :: KOHA